| 000 | 00633cam a2200241 4500 | ||
|---|---|---|---|
| 008 | 090401t1992 xxu||||| |||| 00| 0 eng d | ||
| 020 | _a0851255221 | ||
| 035 | _a(Sirsi) u30645 | ||
| 041 | _aeng | ||
| 050 | _a693.97 | ||
| 110 | _aBuilding Research Establishment | ||
| 245 | _aWeir steel-clad (1920s) houses. | ||
| 260 |
_aGarston, Watford _bBRE _c1992 |
||
| 300 | _a10p. : ill. ; 30cm. | ||
| 350 | _a10 | ||
| 490 |
_aBRE Report _v218 |
||
| 650 | _aBUILDING DEFECTS | ||
| 650 | _aPREFABRICATION | ||
| 650 | _aSTEEL CLAD HOUSES | ||
| 690 | _aBUILT ENVIRONMENT-CONSTRUCTION DESIGN | ||
| 942 | _n0 | ||
| 948 | _c04/03/1997 | ||
| 999 |
_c89501 _d89501 |
||